00620 2200241 4500001002100000005001500021035002000036245003600056008004100092020001800133082001900151084002500170100002000195250000600215260004000221300002400261650002700285650002600312990000900338990000900347990001100356990001100367INLIS00000000000173420240520021022 a0010-10190009381 aPerang Bubat /cYoseph Iskandar240520 d 0 ind  a9789793631691 a398.209 598 24 a398.209 598 24 YOS p0 aYoseph Iskandar a1 aBandung :bKiblat Buku Utama,c2019 a87 Halaman ;c21 CM 4aCerita Rakyat -- Sunda 4aFolklore -- Sundanese a3845 a3846 a170/21 a171/21